Bài tập vật lí đại cương (Dùng cho các trường đại học các khối công nghiệp, công trình thủy lợi, giao thông vận tải)
Nội dung tài liệu bao gồm 2 phần, 7 chương trình bày về hệ thống bài tập, bài giải về vật lý đại cương phần quang học và vật lý lượng tử.
Сохранить в:
| Главный автор: | |
|---|---|
| Формат: | |
| Язык: | Undetermined |
| Опубликовано: |
Hà Nội
Giáo Dục
1997
|
| Предметы: | |
| Метки: |
Добавить метку
Нет меток, Требуется 1-ая метка записи!
|
| Thư viện lưu trữ: | Trung tâm Học liệu Trường Đại học Cần Thơ |
|---|
| LEADER | 01054nam a2200229Ia 4500 | ||
|---|---|---|---|
| 001 | CTU_45614 | ||
| 008 | 210402s9999 xx 000 0 und d | ||
| 020 | |c 13100 | ||
| 082 | |a 530.076 | ||
| 082 | |b B312/T.3 | ||
| 100 | |a Lương, Duyên Bình | ||
| 245 | 0 | |a Bài tập vật lí đại cương | |
| 245 | 0 | |b (Dùng cho các trường đại học các khối công nghiệp, công trình thủy lợi, giao thông vận tải) | |
| 245 | 0 | |c Lương Duyên Bình | |
| 260 | |a Hà Nội | ||
| 260 | |b Giáo Dục | ||
| 260 | |c 1997 | ||
| 520 | |a Nội dung tài liệu bao gồm 2 phần, 7 chương trình bày về hệ thống bài tập, bài giải về vật lý đại cương phần quang học và vật lý lượng tử. | ||
| 650 | |a Optic,Quantum theory,Quang học | ||
| 650 | |x Problems, exercises, etc.,Problems, exercises, etc.,Bài toán, bài tập, v.v.. | ||
| 904 | |i Duy Bằng | ||
| 980 | |a Trung tâm Học liệu Trường Đại học Cần Thơ | ||